[Event "Campeonato del Mundo sub-20 2010 Fem."]
[Site "Chotowa-Czarna, Poland"]
[Date "2010.08.13"]
[Round "10.31"]
[White "Mareckova, Martina"]
[Black "Anu, Bayar"]
[Result "1-0"]
[WhiteElo "2095"]
[BlackElo "1935"]
[PlyCount "63"]
[EventDate "2010.08.03"]
[EventType "swiss"]
[EventRounds "13"]
[EventCountry "POL"]
[Source "lmi"]
[SourceDate "2010.08.03"]

1. e4 c5 2. Nc3 d6 3. g3 g6 4. Bg2 Bg7 5. d3 e6 6. Nh3 Nc6 7. O-O Nge7 8. Be3
Rb8 9. Qd2 h5 10. Rae1 Nd4 11. f4 b5 12. Nd1 O-O 13. c3 Ndc6 14. Ndf2 b4 15. g4
bxc3 16. bxc3 hxg4 17. Nxg4 f5 18. Ngf2 Qa5 19. Nd1 d5 20. exd5 Nxd5 21. Bxd5
exd5 22. Qg2 Ne7 23. Bf2 Qc7 24. Bh4 Bf6 25. Bxf6 Rxf6 26. Ng5 Ba6 27. Rf3 d4
28. Rh3 Bb7 29. Rh8+ Kxh8 30. Qh3+ Kg8 31. Qh7+ Kf8 32. Rxe7 1-0

[Event "Campeonato del Mundo sub-20 2010 Fem."]
[Site "Chotowa-Czarna, Poland"]
[Date "2010.08.13"]
[Round "10.32"]
[White "Rysbayeva, Nazerke"]
[Black "Vanhuyse, Nele"]
[Result "1-0"]
[WhiteElo "2052"]
[BlackElo "1779"]
[PlyCount "75"]
[EventDate "2010.08.03"]
[EventType "swiss"]
[EventRounds "13"]
[EventCountry "POL"]
[Source "lmi"]
[SourceDate "2010.08.03"]

1. d4 Nf6 2. c4 e6 3. Nf3 Bb4+ 4. Nbd2 Qe7 5. a3 Bxd2+ 6. Qxd2 d6 7. e3 O-O 8.
Be2 Ne4 9. Qc2 f5 10. Bd3 Nf6 11. O-O a5 12. b3 Nc6 13. Bb2 h6 14. Rfd1 Qf7 15.
Bf1 Nd8 16. b4 b6 17. d5 e5 18. c5 g5 19. cxd6 cxd6 20. Rac1 axb4 21. axb4 Bb7
22. Qxf5 Bxd5 23. b5 Be4 24. Qh3 g4 25. Qg3 Kh7 26. Nd2 Bf5 27. Qh4 Ra2 28. Bc4
Be6 29. Bxa2 Bxa2 30. Ba3 Nb7 31. Rc6 Nc5 32. Bxc5 dxc5 33. Rxb6 c4 34. Ne4 Kg7
35. Nxf6 c3 36. Ne4 Rh8 37. Nxc3 Bb3 38. Rdd6 1-0

[Event "Campeonato del Mundo sub-20 2010 Fem."]
[Site "Chotowa-Czarna, Poland"]
[Date "2010.08.13"]
[Round "10.33"]
[White "Guo, Emma"]
[Black "Ursente, Maria-eugenia"]
[Result "1/2-1/2"]
[WhiteElo "1965"]
[BlackElo "1978"]
[PlyCount "51"]
[EventDate "2010.08.03"]
[EventType "swiss"]
[EventRounds "13"]
[EventCountry "POL"]
[Source "lmi"]
[SourceDate "2010.08.03"]

1. e4 g6 2. d4 Bg7 3. Nc3 d6 4. Be3 a6 5. Qd2 b5 6. h4 h5 7. Nh3 Nf6 8. f3 Bb7
9. Ng5 Nbd7 10. O-O-O Qc8 11. Kb1 c5 12. d5 Qc7 13. Ne2 Nh7 14. Nxh7 Rxh7 15.
Ng1 b4 16. Nh3 a5 17. f4 Ba6 18. Bxa6 Rxa6 19. Qf2 Nb6 20. f5 Bf6 21. fxg6 fxg6
22. Nf4 Na4 23. Qg3 Rh8 24. Qxg6+ Kd7 25. Qf5+ Ke8 26. Qg6+ 1/2-1/2

[Event "Campeonato del Mundo sub-20 2010 Fem."]
[Site "Chotowa-Czarna, Poland"]
[Date "2010.08.13"]
[Round "10.34"]
[White "Lepeskaite, Migle"]
[Black "Skrzypczak, Anna"]
[Result "0-1"]
[WhiteElo "1801"]
[BlackElo "2028"]
[PlyCount "106"]
[EventDate "2010.08.03"]
[EventType "swiss"]
[EventRounds "13"]
[EventCountry "POL"]
[Source "lmi"]
[SourceDate "2010.08.03"]

1. d4 Nf6 2. c4 e6 3. g3 d5 4. Bg2 Bb4+ 5. Bd2 Be7 6. Nf3 O-O 7. O-O c6 8. Qc2
b6 9. Ne5 Bb7 10. Bc3 Nfd7 11. cxd5 exd5 12. Rd1 Qc8 13. e4 Nxe5 14. dxe5 Rd8
15. exd5 cxd5 16. Qb3 Qe6 17. Na3 Na6 18. Nb5 Nc5 19. Qc2 Qc8 20. Bb4 Qd7 21.
Nd4 Rac8 22. Qe2 Ne6 23. Bxe7 Qxe7 24. Nf5 Qc5 25. Nd6 Rc7 26. Nb5 Ba6 27. a4
Bxb5 28. Qxb5 d4 29. Bf1 Ng5 30. Kg2 Qd5+ 31. Qxd5 Rxd5 32. Rac1 Rxc1 33. Rxc1
g6 34. Bd3 Ne6 35. f4 Rc5 36. Rd1 Nc7 37. Kf3 Kf8 38. Ke4 Ne6 39. g4 Ra5 40. b3
Nc5+ 41. Kf3 Nxb3 42. Bc2 Nc5 43. Rxd4 Ne6 44. Rc4 Rd5 45. Be4 Rd1 46. Ke2 Ra1
47. Bc2 Rh1 48. f5 Rxh2+ 49. Ke3 Nc5 50. fxg6 hxg6 51. Kf4 Re2 52. Kf3 Rxe5 53.
Rd4 Ke7 0-1

[Event "Campeonato del Mundo sub-20 2010 Fem."]
[Site "Chotowa-Czarna, Poland"]
[Date "2010.08.13"]
[Round "10.35"]
[White "Misovic, Sanja"]
[Black "Unapkoshvili, Nani"]
[Result "1-0"]
[WhiteElo "1907"]
[BlackElo "1997"]
[PlyCount "117"]
[EventDate "2010.08.03"]
[EventType "swiss"]
[EventRounds "13"]
[EventCountry "POL"]
[Source "lmi"]
[SourceDate "2010.08.03"]

1. d4 d6 2. c4 e5 3. Nf3 e4 4. Nfd2 f5 5. g3 g6 6. Bg2 Bg7 7. e3 Nf6 8. Nc3 O-O
9. O-O Kh8 10. b4 c6 11. a4 Be6 12. b5 c5 13. Ne2 Nbd7 14. Bb2 Rc8 15. Rc1 Qe7
16. h3 Rfd8 17. Nf4 Bf7 18. Qb3 g5 19. Ne2 d5 20. Qa3 Qf8 21. cxd5 Bxd5 22.
Rfd1 b6 23. dxc5 Nxc5 24. Nd4 Nfd7 25. g4 fxg4 26. hxg4 Nd3 27. Qxf8+ Rxf8 28.
Rxc8 Rxc8 29. Ba3 N7c5 30. Nc6 Re8 31. Nxe4 Bb3 32. Rd2 Bxa4 33. Nxc5 Nxc5 34.
Bxc5 bxc5 35. Nxa7 Bc3 36. Rd5 Bb4 37. Rxg5 c4 38. Nc6 Ba3 39. Nd4 c3 40. b6 c2
41. Nxc2 Bxc2 42. b7 Bd6 43. Rd5 Bb8 44. Rc5 Bg6 45. Rc8 Kg7 46. f4 Rg8 47. Bd5
Bf7 48. Bxf7 Kxf7 49. Kf2 Re8 50. Kf3 Ke7 51. f5 Kd7 52. Rxe8 Kxe8 53. g5 Ke7
54. Kg4 Kf7 55. Kh5 Kg7 56. f6+ Kg8 57. Kh6 Bd6 58. f7+ Kxf7 59. Kxh7 1-0

[Event "Campeonato del Mundo sub-20 2010 Fem."]
[Site "Chotowa-Czarna, Poland"]
[Date "2010.08.13"]
[Round "10.38"]
[White "Ferreira, Susana Carolina G"]
[Black "Lis, Marcelina"]
[Result "1-0"]
[WhiteElo "1726"]
[BlackElo "1905"]
[PlyCount "54"]
[EventDate "2010.08.03"]
[EventType "swiss"]
[EventRounds "13"]
[EventCountry "POL"]
[Source "lmi"]
[SourceDate "2010.08.03"]

1. e4 c5 2. Nf3 e6 3. d4 cxd4 4. Nxd4 a6 5. Nc3 Qc7 6. Bd3 Nf6 7. O-O b5 8. a3
Bb7 9. Qe2 d6 10. Kh1 Nbd7 11. Bg5 Nc5 12. f3 Be7 13. Bd2 h5 14. b4 Ncd7 15. f4
h4 16. Kg1 Nh5 17. Qf2 Bf6 18. Nce2 Nb6 19. Rab1 Nc4 20. Bc1 Rc8 21. Nf3 Qe7
22. Bxc4 Rxc4 23. e5 Rxc2 24. exf6 Nxf6 25. Rb2 Ng4 26. Qd4 Rxb2 27. Bxb2 Nf6
1-0

[Event "Campeonato del Mundo sub-20 2010 Fem."]
[Site "Chotowa-Czarna, Poland"]
[Date "2010.08.13"]
[Round "10.39"]
[White "Oliver, Tamzin L"]
[Black "Gora, Antonina"]
[Result "1-0"]
[WhiteElo "1737"]
[BlackElo "1579"]
[PlyCount "53"]
[EventDate "2010.08.03"]
[EventType "swiss"]
[EventRounds "13"]
[EventCountry "POL"]
[Source "lmi"]
[SourceDate "2010.08.03"]

1. e4 c5 2. Nc3 d6 3. f4 e6 4. Nf3 a6 5. d4 cxd4 6. Qxd4 Nc6 7. Qf2 Nf6 8. Bd3
b5 9. O-O Be7 10. h3 Bb7 11. Be3 Rc8 12. Bb6 Qd7 13. e5 Nh5 14. Be3 g6 15. Rad1
d5 16. g4 Ng7 17. a4 b4 18. Ne2 h5 19. Ng3 hxg4 20. hxg4 d4 21. Bd2 Qd8 22. Ne4
Kf8 23. Kg2 Bh4 24. Rh1 Bxf2 25. Rxh8+ Ke7 26. Rxd8 Rxd8 27. Kxf2 1-0

[Event "Campeonato del Mundo sub-20 2010 Fem."]
[Site "Chotowa-Czarna, Poland"]
[Date "2010.08.14"]
[Round "11.1"]
[White "Bhakti, Kulkarni Pradip"]
[Black "Muzychuk, Anna"]
[Result "0-1"]
[WhiteElo "2249"]
[BlackElo "2527"]
[PlyCount "74"]
[EventDate "2010.08.03"]
[EventType "swiss"]
[EventRounds "13"]
[EventCountry "POL"]
[Source "lmi"]
[SourceDate "2010.08.03"]

1. d4 Nf6 2. Nf3 c5 3. d5 e6 4. Nc3 exd5 5. Nxd5 Nxd5 6. Qxd5 Be7 7. g3 O-O 8.
Bg2 Nc6 9. c4 d6 10. O-O Be6 11. Qe4 Bf6 12. Rd1 Na5 13. Nd2 Rb8 14. Qd3 Qe7
15. Rb1 Nc6 16. Bxc6 bxc6 17. b3 Rfe8 18. Bb2 Bxb2 19. Rxb2 Rbd8 20. Nf3 d5 21.
Rbd2 h6 22. cxd5 cxd5 23. Rc1 Bg4 24. Rdc2 Rd6 25. Kg2 Qe6 26. Qb5 d4 27. Rd2
d3 28. Ng1 a6 29. Qxc5 Bf5 30. exd3 Bxd3 31. Nf3 Red8 32. Rcd1 Rd5 33. Qe3 Qf5
34. Kg1 a5 35. Ne1 Bb5 36. f3 Rxd2 37. Rxd2 Re8 0-1

[Event "Campeonato del Mundo sub-20 2010 Fem."]
[Site "Chotowa-Czarna, Poland"]
[Date "2010.08.14"]
[Round "11.3"]
[White "Padmini, Rout"]
[Black "Severiukhina, Zoja"]
[Result "1-0"]
[WhiteElo "2275"]
[BlackElo "2341"]
[PlyCount "63"]
[EventDate "2010.08.03"]
[EventType "swiss"]
[EventRounds "13"]
[EventCountry "POL"]
[Source "lmi"]
[SourceDate "2010.08.03"]

1. e4 e6 2. d4 d5 3. Nc3 Bb4 4. e5 c5 5. a3 Bxc3+ 6. bxc3 Ne7 7. Nf3 b6 8. a4
Ba6 9. Bd3 Bxd3 10. Qxd3 h6 11. dxc5 bxc5 12. O-O O-O 13. c4 Qc7 14. Re1 Nbc6
15. cxd5 Nxd5 16. Qe4 Rfd8 17. Ra3 Rab8 18. Qg4 Rb1 19. Qe4 Rdb8 20. h3 R1b4
21. Qe2 Nb6 22. Bd2 Rxa4 23. Rxa4 Nxa4 24. Qc4 Nb4 25. Qg4 Nb6 26. Bxh6 g6 27.
Qh4 Nd7 28. Ng5 Nxe5 29. Ne4 f5 30. Nf6+ Kf7 31. Bg5 Kf8 32. Qh8+ 1-0

[Event "Campeonato del Mundo sub-20 2010 Fem."]
[Site "Chotowa-Czarna, Poland"]
[Date "2010.08.14"]
[Round "11.4"]
[White "Warakomska, Anna"]
[Black "Guramishvili, Sopiko"]
[Result "0-1"]
[WhiteElo "2192"]
[BlackElo "2298"]
[PlyCount "86"]
[EventDate "2010.08.03"]
[EventType "swiss"]
[EventRounds "13"]
[EventCountry "POL"]
[Source "lmi"]
[SourceDate "2010.08.03"]

1. e4 c5 2. Nf3 d6 3. d4 cxd4 4. Nxd4 Nf6 5. Nc3 Nc6 6. Bg5 Qb6 7. Nb3 e6 8.
Qd2 a6 9. O-O-O Be7 10. f3 O-O 11. h4 Rd8 12. Be3 Qc7 13. Qf2 Nd7 14. g4 b5 15.
g5 Nce5 16. h5 b4 17. Nb1 a5 18. Nd4 Nc5 19. g6 a4 20. Qh2 b3 21. axb3 Nxf3 22.
Qf2 Ne5 23. h6 fxg6 24. hxg7 axb3 25. c3 Ng4 26. Qg3 Nxe3 27. Qh3 h5 28. Qxe3
Kxg7 29. Be2 Rh8 30. Rdg1 h4 31. Rh2 Bd7 32. Rhg2 Be8 33. Bg4 Qd7 34. Qh3 Bg5+
35. Kd1 Ra1 36. Bxe6 Rxb1+ 37. Ke2 Qb7 38. Bd5 Qa6+ 39. c4 Rxb2+ 40. Kf3 Rxg2
41. Qxg2 Bf6 42. Qb2 Be5 43. Qd2 Qc8 0-1

[Event "Campeonato del Mundo sub-20 2010 Fem."]
[Site "Chotowa-Czarna, Poland"]
[Date "2010.08.14"]
[Round "11.5"]
[White "Melekhina, Alisa"]
[Black "Corke, Anya"]
[Result "1-0"]
[WhiteElo "2265"]
[BlackElo "2257"]
[PlyCount "71"]
[EventDate "2010.08.03"]
[EventType "swiss"]
[EventRounds "13"]
[EventCountry "POL"]
[Source "lmi"]
[SourceDate "2010.08.03"]

1. e4 c5 2. Nf3 e6 3. c3 d5 4. e5 d4 5. Bd3 Nc6 6. O-O Nge7 7. Re1 Ng6 8. g3
Qc7 9. Qe2 b6 10. h4 Be7 11. h5 Nf8 12. Na3 dxc3 13. dxc3 a6 14. Bg5 b5 15.
Rad1 Nd7 16. Bxe7 Kxe7 17. h6 gxh6 18. Qe4 Bb7 19. Qh4+ Ke8 20. Bxb5 Qd8 21.
Qxh6 axb5 22. Nxb5 Na5 23. Ng5 Qe7 24. Nd6+ Kd8 25. Ndxf7+ Kc7 26. Nxe6+ Kb8
27. Nxh8 Ra6 28. Qg7 Qxe6 29. Rxd7 Bc8 30. Rd8 Nc4 31. Qg8 Nd2 32. Rxc8+ Qxc8
33. Qxc8+ Kxc8 34. Kg2 Re6 35. Nf7 Nc4 36. b3 1-0

[Event "Campeonato del Mundo sub-20 2010 Fem."]
[Site "Chotowa-Czarna, Poland"]
[Date "2010.08.14"]
[Round "11.6"]
[White "Nakhbayeva, Guliskhan"]
[Black "Pavlidou, Ekaterini"]
[Result "1/2-1/2"]
[WhiteElo "2216"]
[BlackElo "2182"]
[PlyCount "115"]
[EventDate "2010.08.03"]
[EventType "swiss"]
[EventRounds "13"]
[EventCountry "POL"]
[Source "lmi"]
[SourceDate "2010.08.03"]

1. d4 Nf6 2. c4 e6 3. Nc3 Bb4 4. e3 O-O 5. Bd3 d5 6. Nf3 c5 7. O-O Nc6 8. a3
Bxc3 9. bxc3 dxc4 10. Bxc4 Qc7 11. Bb2 e5 12. h3 e4 13. Nd2 Bf5 14. Qe2 Rac8
15. Ba2 Rfd8 16. Rfd1 Bg6 17. Nf1 Ne7 18. c4 Nf5 19. d5 Qd6 20. Bc3 b6 21. a4
Nd7 22. Bb1 Re8 23. a5 Qc7 24. Bc2 Re7 25. h4 h5 26. Ra2 Qd6 27. g3 Nh6 28.
axb6 axb6 29. Rb1 f6 30. Nh2 Nf7 31. Ra6 Rb8 32. Qf1 Nfe5 33. Bd1 Nd3 34. Be2
N7e5 35. Ra4 Be8 36. Bxe5 Rxe5 37. Ra7 b5 38. Nf3 Rf5 39. Bxd3 exd3 40. Nd2
bxc4 41. e4 c3 42. Nc4 Qxg3+ 43. fxg3 Rxf1+ 44. Rxf1 Bb5 45. Ne3 d2 46. Rb1 Re8
47. Kf2 Rxe4 48. Ra2 Bd3 49. Rd1 f5 50. Raa1 f4 51. gxf4 Rxf4+ 52. Kg3 Rb4 53.
Ra3 Be2 54. Rxc3 Bxd1 55. Nxd1 Rb1 56. Nf2 d1=Q 57. Nxd1 Rxd1 58. Rxc5 1/2-1/2

[Event "Campeonato del Mundo sub-20 2010 Fem."]
[Site "Chotowa-Czarna, Poland"]
[Date "2010.08.14"]
[Round "11.7"]
[White "Toth, Sarolta"]
[Black "Muminova, Nafisa"]
[Result "0-1"]
[WhiteElo "2207"]
[BlackElo "2290"]
[PlyCount "78"]
[EventDate "2010.08.03"]
[EventType "swiss"]
[EventRounds "13"]
[EventCountry "POL"]
[Source "lmi"]
[SourceDate "2010.08.03"]

1. Nf3 Nf6 2. c4 e6 3. g3 d5 4. Bg2 Be7 5. O-O O-O 6. d4 dxc4 7. Ne5 c5 8. dxc5
Bxc5 9. Nc3 Qe7 10. Bg5 h6 11. Bxf6 Qxf6 12. Nxc4 Rd8 13. Qb3 Nc6 14. Ne4 Qe7
15. Nxc5 Qxc5 16. Rac1 e5 17. e3 Qe7 18. Bxc6 bxc6 19. Na5 Bh3 20. Nxc6 Qf6 21.
Nxd8 Rxd8 22. e4 Rd2 23. Rcd1 Rxb2 24. Qe3 Bxf1 25. Rxf1 Rxa2 26. Qb3 Ra6 27.
Rc1 Rb6 28. Qd5 a6 29. Kg2 Rb2 30. Qc5 Kh7 31. Ra1 Rb3 32. Qc2 Qf3+ 33. Kg1 Rc3
34. Qb2 Qd3 35. Rxa6 Rc2 36. Qb6 Rc1+ 37. Kg2 Qf1+ 38. Kf3 h5 39. Qe3 Qh1+ 0-1

[Event "Campeonato del Mundo sub-20 2010 Fem."]
[Site "Chotowa-Czarna, Poland"]
[Date "2010.08.14"]
[Round "11.8"]
[White "Semenova, Elena"]
[Black "Cori Tello, Deysi Estela"]
[Result "0-1"]
[WhiteElo "2194"]
[BlackElo "2403"]
[PlyCount "74"]
[EventDate "2010.08.03"]
[EventType "swiss"]
[EventRounds "13"]
[EventCountry "POL"]
[Source "lmi"]
[SourceDate "2010.08.03"]

1. e4 e6 2. d4 d5 3. Nc3 Nf6 4. Bg5 Be7 5. e5 Nfd7 6. Bxe7 Qxe7 7. f4 a6 8. Nf3
c5 9. dxc5 Nc6 10. Qd2 Nxc5 11. Bd3 b5 12. a3 f5 13. exf6 Qxf6 14. O-O O-O 15.
Ne5 Bb7 16. Rae1 Rad8 17. Qf2 Nxe5 18. Rxe5 Qxe5 19. fxe5 Rxf2 20. Rxf2 d4 21.
Ne2 Rd5 22. b4 Nxd3 23. cxd3 Rxe5 24. Nxd4 Re1+ 25. Rf1 Re3 26. Nb3 Be4 27.
dxe4 Rxb3 28. Rf3 Rxf3 29. gxf3 Kf7 30. Kf2 Kf6 31. Ke3 Kg5 32. e5 Kf5 33. f4
g5 34. fxg5 Kxg5 35. Ke4 Kg4 36. h3+ Kxh3 37. Kf4 Kh4 0-1

[Event "Campeonato del Mundo sub-20 2010 Fem."]
[Site "Chotowa-Czarna, Poland"]
[Date "2010.08.14"]
[Round "11.9"]
[White "Abdulla, Khayala Mardan"]
[Black "Ohme, Melanie"]
[Result "0-1"]
[WhiteElo "2193"]
[BlackElo "2326"]
[PlyCount "178"]
[EventDate "2010.08.03"]
[EventType "swiss"]
[EventRounds "13"]
[EventCountry "POL"]
[Source "lmi"]
[SourceDate "2010.08.03"]

1. e4 c5 2. Nf3 d6 3. d4 cxd4 4. Nxd4 Nf6 5. Nc3 Nc6 6. Bc4 Qb6 7. Nxc6 bxc6 8.
Bb3 g6 9. O-O Bg7 10. Be3 Qc7 11. f3 O-O 12. Qe2 Nd7 13. Rfd1 Qa5 14. Qd2 Rd8
15. Kh1 Ne5 16. Bh6 Bxh6 17. Qxh6 Ba6 18. Qg5 Qc7 19. Rd4 Kg7 20. f4 f6 21. Qh4
Nd7 22. Re1 e5 23. Rd2 Nc5 24. Rf2 Rf8 25. Re3 Nxb3 26. axb3 Rad8 27. Rd2 Qe7
28. Rh3 Kg8 29. Rd1 Rf7 30. Rf3 Bb7 31. Rfd3 Ba6 32. Rf3 Kg7 33. Rh3 Kh8 34.
Rf3 Bb7 35. Rfd3 Ba6 36. Rf3 Rff8 37. Ra1 Bc8 38. fxe5 dxe5 39. Raf1 Kg7 40.
Qf2 Rd4 41. Qe3 Rfd8 42. h3 R8d6 43. Ra1 Rd7 44. Rf2 Qc5 45. Kh2 Qd6 46. Raf1
Rf7 47. Qg3 Rd2 48. Rxd2 Qxd2 49. Rf2 Qd4 50. Rf1 Qd2 51. Rf2 Qd8 52. Rf1 Rd7
53. Qe3 Qb6 54. Qf3 Qd8 55. Qe3 Rd4 56. Ne2 Rd7 57. Nc3 a6 58. Qc5 Rd2 59. Nb1
Qd6 60. Qa7+ Qd7 61. Qxd7+ Rxd7 62. Kg3 Rd4 63. Nc3 f5 64. Kf3 Kf6 65. Ke3 Ke6
66. Rd1 c5 67. Re1 Bb7 68. exf5+ gxf5 69. g3 h5 70. Rg1 h4 71. Na4 Rxa4 72.
bxa4 hxg3 73. Rd1 f4+ 74. Ke2 f3+ 75. Kf1 e4 76. Rd8 Ke5 77. Rg8 Kf4 78. Rg4+
Ke3 79. Rxg3 Kd2 80. Rg6 e3 81. Rd6+ Kxc2 82. Re6 Kd2 83. Rd6+ Kc2 84. Re6 Kd3
85. Rd6+ Ke4 86. Re6+ Kd4 87. Rf6 Bd5 88. b3 Kc3 89. h4 Kd2 0-1

[Event "Campeonato del Mundo sub-20 2010 Fem."]
[Site "Chotowa-Czarna, Poland"]
[Date "2010.08.14"]
[Round "11.11"]
[White "Skinke, Katrina"]
[Black "Nesterovskaya, Anzhelika"]
[Result "1/2-1/2"]
[WhiteElo "2237"]
[BlackElo "2177"]
[PlyCount "107"]
[EventDate "2010.08.03"]
[EventType "swiss"]
[EventRounds "13"]
[EventCountry "POL"]
[Source "lmi"]
[SourceDate "2010.08.03"]

1. Nf3 Nf6 2. g3 d6 3. Bg2 e5 4. c4 c6 5. O-O g6 6. Nc3 Bg7 7. e4 O-O 8. d4
exd4 9. Nxd4 Ng4 10. h3 Ne5 11. b3 Na6 12. Be3 Qa5 13. Nce2 Nc5 14. a3 Qc7 15.
f4 Ned7 16. b4 Ne6 17. Nxe6 fxe6 18. Ra2 a5 19. Qb3 Kh8 20. Rd2 Re8 21. Qd3 d5
22. cxd5 exd5 23. exd5 cxd5 24. Bd4 Nf6 25. Rc1 Qe7 26. Bc5 Qf7 27. Bd4 axb4
28. axb4 Bf5 29. Qb3 h5 30. Be5 Rac8 31. Rxc8 Rxc8 32. Nc3 Be6 33. Qb2 Rd8 34.
Nb5 Nd7 35. Nd6 Qe7 36. Bxg7+ Qxg7 37. Qxg7+ Kxg7 38. Nxb7 Rb8 39. Nc5 Nxc5 40.
bxc5 Rc8 41. Rc2 Kf6 42. Kf2 Ke7 43. Ke3 Rb8 44. g4 hxg4 45. hxg4 Rb4 46. Bf3
Kd7 47. Be2 Kc6 48. Bd3 Bxg4 49. Bxg6 Bd7 50. Bd3 Rb3 51. Kd4 Rxd3+ 52. Kxd3
Bf5+ 53. Kd2 Bxc2 54. Kxc2 1/2-1/2

[Event "Campeonato del Mundo sub-20 2010 Fem."]
[Site "Chotowa-Czarna, Poland"]
[Date "2010.08.14"]
[Round "11.13"]
[White "Lach, Aleksandra"]
[Black "Andrenko, Irina"]
[Result "0-1"]
[WhiteElo "2179"]
[BlackElo "2133"]
[PlyCount "116"]
[EventDate "2010.08.03"]
[EventType "swiss"]
[EventRounds "13"]
[EventCountry "POL"]
[Source "lmi"]
[SourceDate "2010.08.03"]

1. e4 c5 2. Nf3 d6 3. d4 cxd4 4. Nxd4 Nf6 5. Nc3 g6 6. Be3 Bg7 7. f3 Nc6 8. Qd2
O-O 9. O-O-O d5 10. Nxc6 bxc6 11. Bh6 Be6 12. Bxg7 Kxg7 13. e5 Nd7 14. h4 Nxe5
15. h5 Rh8 16. Re1 Qd6 17. h6+ Kf8 18. Qd4 f6 19. f4 Nd7 20. g3 Kf7 21. Rh2
Rhe8 22. Rd2 Qc5 23. Qd3 Bg4 24. Bg2 Nb6 25. Bf3 Bxf3 26. Qxf3 Nc4 27. Rde2
Rab8 28. Nd1 Qa5 29. a3 Qb6 30. b3 Nxa3 31. f5 g5 32. Nb2 Qd4 33. Rd1 Qb6 34.
Na4 Qb4 35. Qe3 Nc4 36. Qc5 Qxc5 37. Nxc5 Ne5 38. Rd4 Rb5 39. Ne6 Rg8 40. Ra4
a5 41. Re3 g4 42. Nc7 Rb7 43. Ne6 Ra7 44. Rc3 Rb8 45. Kd2 Ke8 46. Nd4 Kd7 47.
Ne6 Raa8 48. Ke3 Rb4 49. Ke2 Kd6 50. Ke3 Nf7 51. Rxb4 axb4 52. Rd3 Nxh6 53. Nd4
c5 54. Nb5+ Kc6 55. c4 bxc3 56. Nxc3 d4+ 57. Kf4 dxc3 58. Rxc3 Rb8 0-1

[Event "Campeonato del Mundo sub-20 2010 Fem."]
[Site "Chotowa-Czarna, Poland"]
[Date "2010.08.14"]
[Round "11.14"]
[White "Forestier, Carole"]
[Black "Nemcova, Katerina"]
[Result "1/2-1/2"]
[WhiteElo "2103"]
[BlackElo "2282"]
[PlyCount "134"]
[EventDate "2010.08.03"]
[EventType "swiss"]
[EventRounds "13"]
[EventCountry "POL"]
[Source "lmi"]
[SourceDate "2010.08.03"]

1. d4 Nf6 2. Nf3 g6 3. Bf4 Bg7 4. e3 d6 5. h3 Nbd7 6. Be2 O-O 7. O-O b6 8. c4
Bb7 9. Nc3 Ne4 10. Nxe4 Bxe4 11. Nd2 Bb7 12. Bf3 Bxf3 13. Nxf3 e5 14. Bh2 Qe7
15. Rc1 Kh8 16. b4 f5 17. c5 e4 18. cxd6 cxd6 19. Nd2 Nf6 20. Rc6 Rfd8 21. Qc2
Nd5 22. Qb3 Nf6 23. Rfc1 Ne8 24. Qd5 Bf8 25. Qb5 Qd7 26. Qd5 Nf6 27. Qc4 Ne8
28. Qd5 Rac8 29. b5 Ra8 30. a4 Qe7 31. Qc4 d5 32. Qc3 Bg7 33. Nb3 Kg8 34. a5
bxa5 35. Nxa5 g5 36. Rc5 Qe6 37. Nc6 Rd7 38. Ne5 Rb7 39. Rc8 Rxc8 40. Qxc8 Qxc8
41. Rxc8 Kf8 42. Rb8 Rxb8 43. Nd7+ Ke7 44. Nxb8 f4 45. Nc6+ Kd7 46. Nxa7 Nd6
47. Kf1 Bh6 48. Ke2 Kc7 49. Nc6 Nxb5 50. Ne7 Nc3+ 51. Kd2 Bf8 52. exf4 Nb1+ 53.
Kc1 Bxe7 54. fxg5+ Kc6 55. Kxb1 Bxg5 56. Kc2 Kb5 57. Kc3 Bh4 58. f3 Be1+ 59.
Kc2 Kc4 60. fxe4 dxe4 61. Bg1 Bc3 62. g4 Bxd4 63. Bxd4 Kxd4 64. Kd2 e3+ 65. Ke2
h6 66. h4 Ke4 67. g5 Ke5 1/2-1/2

[Event "Campeonato del Mundo sub-20 2010 Fem."]
[Site "Chotowa-Czarna, Poland"]
[Date "2010.08.14"]
[Round "11.15"]
[White "Olsarova, Tereza"]
[Black "Petrova, Irina"]
[Result "1-0"]
[WhiteElo "2252"]
[BlackElo "2014"]
[PlyCount "65"]
[EventDate "2010.08.03"]
[EventType "swiss"]
[EventRounds "13"]
[EventCountry "POL"]
[Source "lmi"]
[SourceDate "2010.08.03"]

1. e4 g6 2. d4 Bg7 3. Nc3 d6 4. Be3 a6 5. f4 b5 6. Bd3 Bb7 7. Nf3 Nd7 8. O-O
Ngf6 9. e5 Nd5 10. Nxd5 Bxd5 11. a4 b4 12. a5 O-O 13. Qe2 c5 14. c3 Qc8 15. Bd2
c4 16. Be4 Bxe4 17. Qxe4 b3 18. Qe2 d5 19. e6 Nf6 20. exf7+ Rxf7 21. Ng5 Rf8
22. Ne6 Re8 23. f5 Ne4 24. Bf4 Ra7 25. Nxg7 Kxg7 26. Be5+ Nf6 27. fxg6 hxg6 28.
Rf4 Rb7 29. Raf1 Rf8 30. Qf3 Qe6 31. g4 g5 32. Rf5 Kf7 33. Bxf6 1-0

[Event "Campeonato del Mundo sub-20 2010 Fem."]
[Site "Chotowa-Czarna, Poland"]
[Date "2010.08.14"]
[Round "11.19"]
[White "Saduakassova, Dinara"]
[Black "Tsirulnik, Maritsa"]
[Result "1-0"]
[WhiteElo "2131"]
[BlackElo "2153"]
[PlyCount "141"]
[EventDate "2010.08.03"]
[EventType "swiss"]
[EventRounds "13"]
[EventCountry "POL"]
[Source "lmi"]
[SourceDate "2010.08.03"]

1. e4 c5 2. Nf3 e6 3. c3 d5 4. exd5 Qxd5 5. d4 Nf6 6. Be3 cxd4 7. cxd4 Nc6 8.
Nc3 Qd6 9. a3 Be7 10. Bd3 O-O 11. O-O b6 12. Rc1 Bb7 13. Nb5 Qd8 14. Nc3 Qd6
15. Bb1 Rad8 16. Qc2 g6 17. Rfd1 Ng4 18. Ne4 Qb8 19. Ba2 Nxe3 20. fxe3 Rc8 21.
Nc3 Bf6 22. Qf2 Bg7 23. Qh4 h6 24. Ne4 Qc7 25. Nf6+ Bxf6 26. Qxf6 Qe7 27. Qf4
Kg7 28. e4 Qf6 29. Qe3 Rfd8 30. Rc3 Rd7 31. Rcd3 Rcd8 32. b4 g5 33. b5 Ne7 34.
Ne5 Ng6 35. Nxd7 Rxd7 36. R3d2 Nf4 37. Bc4 Qg6 38. d5 exd5 39. Bxd5 Qf6 40.
Bxb7 Rxb7 41. g3 Ng6 42. Rf2 Qe6 43. Qd4+ f6 44. Qd6 Qe7 45. Qxe7+ Rxe7 46. Rd6
Rf7 47. Rc2 Ne5 48. Kg2 Re7 49. Rd8 Nf7 50. Rd4 Ne5 51. Rc8 Kf7 52. Rd6 Rb7 53.
Rdd8 Ng6 54. Kf3 Ne7 55. Rc3 Ke6 56. Rcd3 Ng6 57. Ke2 Ne5 58. Rc3 a6 59. bxa6
Ra7 60. Rcc8 Rxa6 61. Ra8 Rxa8 62. Rxa8 Nd7 63. Ke3 Ne5 64. h3 h5 65. Rb8 Kd7
66. a4 Kc6 67. Rf8 Nd7 68. Rh8 Nc5 69. Rxh5 Kd6 70. h4 gxh4 71. Rxc5 1-0

[Event "Campeonato del Mundo sub-20 2010 Fem."]
[Site "Chotowa-Czarna, Poland"]
[Date "2010.08.14"]
[Round "11.20"]
[White "Gosciniak, Maria"]
[Black "Khanamiryan, Ani"]
[Result "1/2-1/2"]
[WhiteElo "2149"]
[BlackElo "2014"]
[PlyCount "113"]
[EventDate "2010.08.03"]
[EventType "swiss"]
[EventRounds "13"]
[EventCountry "POL"]
[Source "lmi"]
[SourceDate "2010.08.03"]

1. e4 Nf6 2. e5 Nd5 3. d4 d6 4. Nf3 Bg4 5. Be2 e6 6. O-O Be7 7. c4 Nb6 8. exd6
cxd6 9. Nc3 O-O 10. d5 e5 11. Ne1 Bxe2 12. Qxe2 N8d7 13. Be3 Rc8 14. b3 f5 15.
f4 Bf6 16. Rc1 Qe7 17. Qd2 g6 18. Nf3 e4 19. Nd4 Nc5 20. Nce2 Rfe8 21. Rc2 Nbd7
22. b4 Nd3 23. Nb5 a6 24. Nbd4 Nf8 25. Nb3 Qf7 26. Nbc1 b5 27. Nxd3 exd3 28.
Qxd3 Rxc4 29. Rxc4 bxc4 30. Qd2 Qe7 31. Kf2 Qe4 32. a3 Nd7 33. Rc1 Bh4+ 34. g3
Nf6 35. h3 Nxd5 36. Bd4 Qd3 37. Qxd3 cxd3 38. Ng1 Re4 39. Ba7 Re7 40. gxh4 Rxa7
41. Rd1 Nxf4 42. Kf3 Ne2 43. Nxe2 dxe2 44. Kxe2 Re7+ 45. Kf2 Re6 46. Rd5 Kf7
47. Ra5 d5 48. Rxd5 Kf6 49. Ra5 g5 50. hxg5+ Kxg5 51. Kf3 Rc6 52. h4+ Kxh4 53.
Kf4 Rg6 54. Rxf5 Rg4+ 55. Ke5 Rg3 56. a4 h5 57. b5 1/2-1/2